| 000 | 00375nam a22001457a 4500 | ||
|---|---|---|---|
| 020 | _a9787100016841 | ||
| 082 |
_a320.1 _bLOC |
||
| 100 | _aJohn Locke | ||
| 245 |
_a 政府论=Theory of Government (Part 2) _cJohn Locke |
||
| 250 | _a(Chinese Edition) | ||
| 260 |
_aNew York _bCommercial Printing House _c2016 |
||
| 300 | _a157p | ||
| 563 | _aPB | ||
| 942 |
_2ddc _cBK |
||
| 999 |
_c591796 _d591796 |
||